000 00668nam a2200205Ia 4500
003 GCL
008 140319s9999 xx 000 0 ara d
020 _a3818215977
040 _aGCL /
_cGCL
082 0 4 _a229.8
_bع ع
100 1 _aعادل حامد محمد
245 1 0 _aعجائب واسرار سورة الكهف /
_cعادل حامد محمد
250 _aالاولى
260 _aالقاهرة :
_bدار غريب للطباعة والنشر والتوزيع ،
_c2005
300 _a135ص ؛
_c19سم
650 0 4 _aالقران - تفسير
650 0 4 _aالقران - اعجاز
650 0 4 _aالقران - سور وايات
942 _2ddc
_cBK
999 _c45810
_d45810